Physical knots : knotting, linking and folding geometric objects in R3 : AMS Special Session on Physical Knotting and Unknotting, Las Vegas, Nevada, April 21-22, 2001

Αποθηκεύτηκε σε:
Λεπτομέρειες βιβλιογραφικής εγγραφής
Συγγραφή απο Οργανισμό/Αρχή: AMS Special Session on Physical Knotting and Unknotting Las Vegas, Nev.
Άλλοι συγγραφείς: Calvo, Jorge Alberto, 1971- (Επιμελητής έκδοσης), Millett, Kenneth C. (Επιμελητής έκδοσης), Rawdon, Eric J., 1970- (Επιμελητής έκδοσης)
Μορφή: Πρακτικό Συνεδρίου Βιβλίο
Γλώσσα:English
Δημοσίευση: Providence, R.I. : American Mathematical Society, c2002
Σειρά:Contemporary mathematics (American Mathematical Society) ; ; 304
Θέματα:
Ετικέτες: Προσθήκη ετικέτας
Δεν υπάρχουν, Καταχωρήστε ετικέτα πρώτοι!

MARC

LEADER 00000cam a2200000 i 4500
001 1/66598
008 041123s2002 eng d
020 |a 082183200X 
035 |l 10075427 
040 |a GR-MY-UA  |b gre  |e aacr 
041 0 |a eng 
082 0 |a 514.224  |2 (21) 
111 2 |a AMS Special Session on Physical Knotting and Unknotting   |d (2001 :   |c Las Vegas, Nev.) 
245 1 0 |a Physical knots :  |b knotting, linking and folding geometric objects in R3 : AMS Special Session on Physical Knotting and Unknotting, Las Vegas, Nevada, April 21-22, 2001 /  |c Jorge Alberto Calvo, Kenneth C. Millett, Eric J. Rawdon, editors 
260 |a Providence, R.I. :   |b American Mathematical Society,   |c c2002 
300 |a xi, 340 σ.;  |b εικ.;  |c 26 εκ. 
490 1 |a Contemporary mathematics  |v ; 304 
504 |a Περιέχει βιβλιογραφικές αναφορές 
650 0 0 |a Knot theory  |x Congresses. 
700 1 |a Calvo, Jorge Alberto,  |d 1971-  |4 edt 
700 1 |a Millett, Kenneth C.  |4 edt 
700 1 |a Rawdon, Eric J.,   |d 1970-  |4 edt 
830 0 |a Contemporary mathematics (American Mathematical Society) ;  |v ; 304 
852 |a INST  |b SAMOS  |e 20041123  |h 514.224 AMS  |p 005300022682  |q 005300022682  |t BK  |y 0 
901 |a BIBL3-2005-1 
909 |a Σ  |b 116359 
922 |a 3ΕΛΗ  |b 200409  |c ΕΠΕΑΕΚ2/ΤΜΗΜΑ ΜΑΘΗΜΑΤΙΚΩΝ  |d ΜΙΧΑΛΟΠΟΥΛΟΣ 
950 |a 116-2004-09-30 
970 |a ΚΟΣΙΕΡΗΣ  |b ΧΡΗΣΤΟΣ  |z 2005/01/18